00828nam a2200193 a 450000100100000000500170001000800410002702000150006804000250008308200130010810000330012124501260015426000990028030000210037950000740040050400320047495201110050699900170061700004200420201002035859.0131029s1985 sp 000 0 spa d a8400060458 aDO-SdBNPbspacBNPHU axxxbxxx1 aÁvila, María Luisa9159213aLa sociedad hispanomusulmana al final del califato :b(aproximación a un estudio demográfico) /cMaría Luisa Avila. aMadrid :bConsejo Superior de Investigaciones Científicas,bInstituto de Filología,c1985. a222 p. ;c24 cm. aIncluye referencias bibliográficas y notas al pie de las páginas. aBibliografía : p. 207-217 001050718MOaGRbGRcCTd2013-10-29iLF1l0oxxx xxxp42004-10r2020-06-25w2020-06-25y1ZNo se presta c41493d41493